01409nab a22002177a 4500999001500000003000400015005001700019008004100036040000700077100003000084245014800114260004200262300001200304500002900316505056500345505008900910650002600999700003101025773012201056942001301178 c5425d5425OSt20250407131508.0190506c xxu||||| |||| 00| 0 spa d cPJ 95209aMagnano, Marina G. 13aNominalismo frente a la depreciación constante de la moneda :buna mirada desde el derecho laboral /cMarina G. Magnano, Fernando D. Ramallo. aBuenos Aires :bAbeledoPerrot,c2025. ap 35-41 aTR LALEY AR/DOC/82/2025. aSumario: I. Introducción.— II. Principio nominalista. ¿Sigue vigente? ¿Se puede sostener la vigencia de un nominalismo absoluto?— III. Consecuencias del principio nominalista. Corte Suprema de Justicia. Suprema Corte de Buenos Aires. Tribunal Superior de Córdoba.— IV. Análisis de las distintas propuestas de solución.— V. Corte Suprema de Justicia de la Nación. Límites.— VI. Reglamentación del Banco Central.— VII. Ley de Riesgos del Trabajo. Particular caso del DNU 669/2018 y las res. SSN 1039/2019 y 332.— VIII. Conclusión. t¿Te interesa el texto completo? Comunicate al correo: koha@justierradelfuego.gov.ar 091316aDERECHO LABORAL 96444aRamallo, Fernando D.0 0275193202dBuenos Aires : AbeledoPerrot, 2013-tRevista de derecho laboral y seguridad social. Nº 3 - Febrero 2025 2udccANA